000 00889nam a2200253 i 4500
001 106407
003 ES-MaACL
005 20250805063254.0
007 t|
008 061113s1958 xxk ||||1| grc d
080 _a16
100 0 _aAristóteles
_922861
245 1 0 _aAristotelis topica et sophistici elenchi /
_crecensvit brevique adnotationes critica instrvxit W. D. Ross.
260 _aOxonii :
_bOxford University Press,
_c1958.
300 _aVIII, 260 p. ;
_c20 cm.
490 1 _aScriptorum classicorum bibliotheca oxoniensis
500 _aBiblioteca Jacinto Martínez Lacalle.
500 _aTexto en griego con introducción y notas en latín.
650 4 _aLógica.
_914693
700 1 _aRoss, William David.
_999823
830 0 _aScriptorum classicorum bibliotheca oxoniensis
_9185200
852 _aES-MaACL
_jE-11384
_bR.139096
999 _c106407
_d106407